000 00499nam a2200169Ia 4500
008 100122s9999 xx 000 0 und d
082 _b75823
_a823
100 _aआर्चर जेफ्री
245 _aफॉल्स इम्प्रेशन
250 _a1
260 _c2009
300 _a371
630 _aफॉल्स इम्प्रेशन
700 _aलवाटे सुधाकर
730 _aफॉल्स इम्प्रेशन
942 _cBOOK
999 _c391978
_d391975